De quel pays viennent ces fromages ? - Statistiques

Statistiques générales
  • Ce quiz a été pris 52 fois
    15 depuis la dernière actualisation
  • Le résultat moyen est 8 sur 20
Statistiques - réponses
Par images Hint Réponse % Correct
Gorgonzola Italie
100%
Feta Grèce
92%
Edam Pays-Bas
92%
Taleggio Italie
85%
Cheddar Royaume-Uni
77%
Emmental Suisse
77%
Manchego Espagne
62%
Queijo da Serra Portugal
54%
Handkäse Allemagne
46%
Cabrales Espagne
31%
Stilton Royaume-Uni
31%
Leipäjuusto Finlande
23%
Cașcaval Roumanie
23%
Oštiepok Slovaquie
8%
Olomoucké tvarůžky Tchéquie
8%
Sirene Bulgarie
0%
Danablu Danemark
0%
Brunost Norvège
0%
Pule Serbie
0%
Tolminc Slovénie
0%
Aucun quiz correspondant
Distribution des résultats
% des personnes avec chaque résultat
Percentile par nombre de réponses
Votre historique - résultats
Vous n’avez pas pris ce quiz depuis la dernière actualisation